000 00465nam a2200169Ia 4500
008 151021s9999 xx 000 0 und d
020 _a395256690
050 _aQA 453.J84 1978
245 _a_Geometry Ray C. Jurgensen
260 _aBoston Houghton mifflin company 1978
300 _axi527p.;ill
500 _aIncludes index.
500 _aIncludes index.
650 _a_Geometry
700 _a_Alfred J.Donnelly
980 _a^d20130513 10:04:23^oanne
999 _c13174
_d13174